BIBLIOTECA

SENCICO

Programa de Construcción Civil : plan piloto : Informe general (Registro nro. 3198)

Detalles MARC
000 -LEADER
fixed length control field 00763nam a2200205Ia 4500
005 - DATE AND TIME OF LATEST TRANSACTION
control field 20251020182606.0
008 - FIXED-LENGTH DATA ELEMENTS--GENERAL INFORMATION
fixed length control field 200515s9999 xx 000 0 und d
082 ## - DEWEY DECIMAL CLASSIFICATION NUMBER
Classification number SC/377.4(624.078)/S42
110 ## - MAIN ENTRY--CORPORATE NAME
Corporate name or jurisdiction name as entry element Sentí
245 #0 - TITLE STATEMENT
Title Programa de Construcción Civil : plan piloto : Informe general
260 ## - PUBLICATION, DISTRIBUTION, ETC.
Place of publication, distribution, etc. Lima
260 ## - PUBLICATION, DISTRIBUTION, ETC.
Date of publication, distribution, etc. 1973
300 ## - PHYSICAL DESCRIPTION
Extent s. n.
520 ## - SUMMARY, ETC.
Summary, etc. El Plan Piloto de la Industria de la Construcción desarrollado por el SENATI entre Diciembre de 1972 y abril de 1973, fue concebido dentro del Plan General para el establecimiento de un sistema de Formación Profesional para la Industria de la Construcción
650 ## - SUBJECT ADDED ENTRY--TOPICAL TERM
Topical term or geographic name entry element CONSTRUCCION CIVIL
650 ## - SUBJECT ADDED ENTRY--TOPICAL TERM
Topical term or geographic name entry element FORMACION PROFESIONAL
650 ## - SUBJECT ADDED ENTRY--TOPICAL TERM
Topical term or geographic name entry element PLAN PILOTO
650 ## - SUBJECT ADDED ENTRY--TOPICAL TERM
Topical term or geographic name entry element PROGRAMAS
942 ## - ADDED ENTRY ELEMENTS (KOHA)
Koha item type Libros
Existencias
Fecha de la última vez que lo usaron Pago total Signatura topográfica completa Código de barras Precio efectivo desde Tipo de documento Estado perdido Estado dañado No es para préstamo Retirado Ubicación permanente Ubicación actual Fecha de adquisición
15/05/2020   SC/377.4(624.078)/S42 Bib-Lima15053198 15/05/2020 Libros         Biblioteca Central Lima Biblioteca Central Lima 15/05/2020